000 01098nam a2200217Ia 4500
999 _c44408
_d44408
001 11174
003 GE_BSU
005 20251226152635.0
008 181216s1974||||ge |||||||||||||| ||geo||
040 _cGE_BSU
041 _ageo
080 _a579(075.8) პ-17
100 _aპანკრატოვი ა.
_926620
245 _aმიკრობიოლოგია.
_bსახელმძღვ. უმაღლესი სას-სამ. სასწავლებლების ზოოტექნიკური ფაკ-ტის სტუდენტებისათვის /
_cა. პანკრატოვი, რედ. მ. სულაძე, მთარგმ. ნ. კობიაშვილი
264 _aთბილისი:
_bგანათლება,
_c1974.
300 _a415 გვ
_bილ;
_c.21სმ.
653 _aმიკრობიოლოგია.
700 _aსულაძე, მ
_eრედაქტორი
_93155
700 _aკობიაშვილი, ნ.
_eმთარგმნელი
_926621
942 _cBK
_2udc